| 000 | 00774nam a2200253 i 4500 | ||
|---|---|---|---|
| 001 | 187567 | ||
| 003 | ES-MaACL | ||
| 005 | 20250809063542.0 | ||
| 008 | 171129s2006 sp |||| | spa d | ||
| 020 | _a84-96094-90-1 | ||
| 080 | _a291.37 | ||
| 100 | 1 |
_aGuénon, René, _d1886-1951 _960441 |
|
| 245 | 1 | 0 |
_aApercepciones sobre la iniciación / _cRené Guenón ; [traducción, Pedro Rodea]. |
| 250 | _a1ª ed. | ||
| 260 |
_aMadrid : _bSanz y Torres, _c2006. |
||
| 300 |
_a380 p. ; _c21 cm. |
||
| 490 | 1 | _aIgnitus | |
| 650 | 4 |
_aRitos de iniciación. _9163868 |
|
| 700 | 1 |
_aRodea, Pedro. _9163858 |
|
| 830 | 0 |
_aIgnitus _9192800 |
|
| 852 |
_aES-MaACL _jA-14090 _9194653 _bR.151483 _cDEPO1 _dOlim: N-7090 |
||
| 942 |
_2udc _cMONOGRAFIA |
||
| 999 |
_c187567 _d187567 |
||